Normale Ansicht MARC-Ansicht ISBD

Recht und Gerechtigkeit? (Titelsatznr. 71989)

[ MARC ]
MARC-Details
000 -Satzkennung
Kontrollfeld mit fester Länge 01095namaa2200325 cb4500
001 - Kontrollnummer
Kontrollfeld DHIM2025011015290018
003 - Kontrollnummer Identifier
Kontrollfeld RU-10907106
005 - Datum und Zeit der letzten Transaktion
Kontrollfeld 20250110153152.0
007 - Feld mit fester Länge zur physischen Beschreibung - Allgemeine Information
Kontrollfeld mit fester Länge tu
007 - Feld mit fester Länge zur physischen Beschreibung - Allgemeine Information
Kontrollfeld mit fester Länge 7
008 - Feld mit fester Länge zur physischen Beschreibung - Allgemeine Angaben
Kontrollfeld mit fester Länge 920527s1980 a||| |||| 00||| und d
020 ## - Internationale Standardbuchnummer
Internationale Standardbuchnummer 9783657796649
Verknüpfung 978-3-657-79664-9
024 ## - Anderer Standardidentifier
Standardnummer oder Code 9783657796649
-- 978-3-657-79664-9
040 ## - Katalogisierungsquelle
Übertragungsstelle RU-10907106
041 ## - Sprachcode
Sprachcode des Textes/der Tonspur oder des separaten Titels ger
100 ## - Haupteintragung - Personenname
Personenname Ferhadbegovic, Sabina
Funktionsbezeichnungscode aut
Koha-Normdatenidentnummer 17149
245 ## - Titel
Titel Recht und Gerechtigkeit?
Zusatz zum Titel Ahndung von Menschheitsverbrechen in Jugoslawien zwischen Völkerrecht und Partisanenjustiz (1941-1948)
250 ## - Ausgabebezeichnung
Ausgabebezeichnung 2025
264 ## - Produktion, Veröffentlichung, Distribution, Herstellung und Urheberrechtsvermerk
Herstellungs-, Veröffentlichungs- Vertriebs-, Erzeugungsort Würzburg
Produzent, Herausgeber, Distributor, Hersteller Brill | Schöningh
Datum der Herstellung, der Veröffentlichung, des Vertriebs oder des Urheberschutzvermerks 2024
300 ## - Physische Beschreibung
Umfang 365 Seiten
336 ## - Inhaltstyp
Quelle rdacontent
Inhaltstypcode txt
Inhaltstypterm Text
337 ## - Medientyp
Quelle rdamedia
Medientypcode bc
Bezeichnung des Medientyps Computermedien
338 ## - Datenträgertyp
Quelle rdacarrier
Datenträgertypcode cr
Datenträgertypbezeichnung Online Ressource
490 ## - Gesamttitelangabe
Gesamttitelangabe Krieg in der Geschichte
Bandnummer/Folgebezeichnung 124
500 ## - Allgemeine Fußnote
Allgemeine Fußnote E-Book / Open Access
506 ## - Fußnote zu Zugangsbeschränkungen
Zugangsbedingungen frei zugänglich / Bitte beachten Sie die Lizenzbestimmungen im Dokument
655 ## - Indexierungsterm - Genre/Form
Genre/Form oder fokussierter Term Open Access
856 ## - Elektronische Adresse und Zugriff
OPAC-Notiz frei zugänglich
URL <a href="https://brill.com/display/title/70567">https://brill.com/display/title/70567</a>
942 ## - Zusätzliche Felder (Koha)
Koha-Medientyp E-Books
Klassifikation oder Aufstellungssystematik Andere/Generische Klassifikation
Exemplare
Ausgeschieden Verloren Klassifikation oder Aufstellungssystematik Beschädigt Nicht entleihbar Heimatbibliothek Aufenthaltsbibliothek Aufstellungsort Erwerbungsdatum Inventarnummer Signatur Barcode Letzte Aktivität Preis gültig von Koha-Medientyp
    Andere/Generische Klassifikation     MWN Osteuropa MWN Osteuropa Online-Ressource 09/01/2025 25-e00072 E-25-e00072 74893 09/01/2025 09/01/2025 E-Books